Interpreting for international conferences : (Record no. 34166)

MARC details
000 -LEADER
fixed length control field 00929nam a2200253 a 4500
039 ## - LEVEL OF BIBLIOGRAPHIC CONTROL AND CODING DETAIL [OBSOLETE]
Level of effort used to assign subject headings TLC
100 1# - MAIN ENTRY--PERSONAL NAME
Personal name Seleskovitch, Danica.
245 10 - TITLE STATEMENT
Title Interpreting for international conferences :
Remainder of title problems of language and communication /
Statement of responsibility, etc. Danica Seleskovitch; translated by Stephanie Dailey and E. Norman McMillan.
260 ## - PUBLICATION, DISTRIBUTION, ETC.
Place of publication, distribution, etc. Washington :
Name of publisher, distributor, etc. Pen and Booth,
Date of publication, distribution, etc. 1978.
300 ## - PHYSICAL DESCRIPTION
Extent vii, 154p ;
Dimensions 23 cm.
500 ## - GENERAL NOTE
General note Translation of L'Interprete dans les.
500 ## - GENERAL NOTE
General note conferences internationales.
506 ## - RESTRICTIONS ON ACCESS NOTE
Terms governing access Open access.
650 #0 - SUBJECT ADDED ENTRY--TOPICAL TERM
Topical subject Translating and interpreting.
650 #0 - SUBJECT ADDED ENTRY--TOPICAL TERM
Topical subject Congresses and conventions.
949 ## - LOCAL PROCESSING INFORMATION (OCLC)
a BMAIN
c P306
d .S413 1978
g 55682
5 N
961 ## -
-- 1
Holdings
Withdrawn status Lost status Source of classification or shelving scheme Damaged status Not for loan Home library Current library Shelving location Date acquired Total Checkouts Full call number Barcode Date last seen Date last checked out Price effective from Koha item type
    Library of Congress Classification     University of Eastern Africa, Baraton Main Campus Library   18.06.2019 1 P 306 .S413 1978 55682 13.01.2021 13.01.2021 18.06.2019 Books